[Event "Szolnok Mezogep op"]
[Site "Szolnok"]
[Date "1987.06.??"]
[Round "?"]
[White "Karner, Hillar"]
[Black "Bojczuk, Zygmunt"]
[Result "0-1"]
[WhiteElo "2390"]
[BlackElo "2335"]
[PlyCount "60"]
[EventDate "1987.06.22"]
[EventType "swiss"]
[EventRounds "11"]
[EventCountry "HUN"]
[SourceTitle "EXT 2003"]
[Source "ChessBase"]
[SourceDate "2002.11.25"]
[SourceVersion "1"]
[SourceVersionDate "2002.11.25"]
[SourceQuality "1"]

1. g3 e5 2. Bg2 d6 3. c4 Nf6 4. Nc3 Nbd7 5. e3 g6 6. Nge2 Bg7 7. Rb1 a5 8. 0-0 h5 9. d4 h4 10. a3 hxg3 11. hxg3 Qe7 12. Nb5 Nf8 13. c5 dxc5 14. d5 N8h7 15. d6 cxd6 16. Qxd6 Kf8 17. Nec3 Ng5 18. Qxe7+ Kxe7 19. Nc7 Rb8 20. N7d5+ Nxd5 21. Nxd5+ Kd6 22. Nc3 Nh3+ 23. Bxh3 Bxh3 24. Rd1+ Kc6 25. b4 Bg4 26. b5+ Kc7 27. Nd5+ Kd6 28. Bb2 Bf3 29. Nf4+ Ke7 30. Ng2 Rh3 0-1

[Event "Debica Igloopol"]
[Site "Debica"]
[Date "1987.05.28"]
[Round "12"]
[White "Bojczuk, Zygmunt"]
[Black "Schulte, Oliver"]
[Result "0-1"]
[WhiteElo "2335"]
[BlackElo "2370"]
[PlyCount "126"]
[EventDate "1987.05.17"]
[EventType "tourn"]
[EventRounds "13"]
[EventCountry "POL"]
[SourceTitle "EXT 2005"]
[Source "ChessBase"]
[SourceDate "2004.11.15"]
[SourceVersion "1"]
[SourceVersionDate "2004.11.15"]
[SourceQuality "1"]

1. e4 c5 2. Nf3 e6 3. d3 Nc6 4. g3 g6 5. Bg2 Bg7 6. 0-0 Nge7 7. Re1 d6 8. h4 h6 9. Nbd2 0-0 10. Nf1 Kh7 11. c3 e5 12. h5 Be6 13. Be3 f5 14. hxg6+ Nxg6 15. exf5 Bxf5 16. N1h2 Qd7 17. Qe2 Rae8 18. Qf1 b6 19. Rad1 d5 20. Bc1 a6 21. Qe2 b5 22. Nd2 Qf7 23. Qh5 Nge7 24. Qxf7 Rxf7 25. Nb3 c4 26. dxc4 bxc4 27. Nc5 Rc8 28. Nxa6 d4 29. Nc5 Ra8 30. a3 Rd8 31. cxd4 Nxd4 32. Bf1 Bc2 33. Bxc4 Bxd1 34. Bxf7 Ne2+ 35. Kg2 Nxc1 36. Bc4 Rd4 37. b3 Nc6 38. Nf1 Na5 39. Ne3 Bxb3 40. Ne6 Rxc4 41. Nxc4 Bxc4 42. Nxg7 Nd3 43. Rb1 Kxg7 44. Rb6 Bd5+ 45. Kf1 Nc4 46. Rb8 Nxa3 47. Ke2 Nc5 48. Rd8 Bb7 49. Re8 Kf6 50. Rf8+ Kg7 51. Re8 Ba6+ 52. Kf3 e4+ 53. Kg4 Nc4 54. Kh5 Nd6 55. Re5 Be2+ 56. Kh4 Nd3 57. Rd5 Nf7 58. Ra5 Bf3 59. Ra2 Nfe5 60. Ra7+ Kg6 61. Ra6+ Kf5 62. Ra2 Bg4 63. Ra5 Ne1 0-1